000 00866nab a2200253 u 4500
001 20110
003 HDC
007 cr bn ---aaaaa
008 210304c |r|noo 0 a d
040 _aHDC
100 _aUESAKA, YOSHIFUMI,
_eauthor
_918285
245 0 _aJAPAN SPICE MAKERS ADDING FACTORIES IN SOUTHEAST ASIA /
_cby YOSHIFUMI UESAKA
260 _a[No place] :
_b[publisher not identified],
_c2016
336 _atext
_2rdacontent
337 _acomputer
_2rdamedia
338 _aonline resource
_2rdacarrier
650 _aHalal certificate
_9482
650 _aHalal product
_948
710 _aNIKKEI ASIAN REVIEW
856 _zRequest full-text at [email protected]
942 _2lcc
942 _cNEWS
942 _kNWSO 009912
999 _c17426
_d17426